Word Ladder #12 – Shakespearean Tragedies - Statistics

General Stats
  • This quiz has been taken 919 times
  • The average score is 13 of 18
Answer Stats
Hint Answer % Correct
Tragedy #1: Prince of Denmark. Hamlet
94%
Sugary treat: marsh______. Mallow
89%
Telephone salutation. Hello
86%
Song title: “California, ____ I Come.” Here
83%
Donovan hit song: “______ Yellow.” Mellow
82%
Eggy entrée. Omelet
82%
Tragedy #4: Scottish regicide and his wife. Macbeth
80%
Tragedy #2: The Moor of Venice. Othello
77%
Head-topping growth. Hair
75%
Prepare to meet thy _____. Maker
71%
Tragedy #3: He had three daughters. King Lear
69%
Song title: “_____ She Is, Miss America.” There
66%
Stick used to hit a xylophone. Mallet
64%
Movie title: “_____ People’s Money.” Other
63%
Lascivious look. Leer
57%
“He ______ me to lie down in green pastures” (KJV). Maketh
53%
LA BB player. Laker
44%
2-word anagram of above. ____ Tahoe, Wedding ____. Lake Ring
43%
No matching quizzes found
Score Distribution
Percent of People with Each Score
Percentile by Number Answered
Your Score History
You have not taken this quiz